期刊信息 |
| 索取号 |
F127.52/038
|
| 题名 |
三不月刊
|
| 作者 |
|
| 分册号 |
|
| 分册名 |
|
| 出版地 |
济南
|
| 出版者 |
出版者不详
|
| 标准刊号 |
|
| 出版频率 |
月刊
|
| 中图法分类 |
F127.52
|
| 主题词 |
|
| 电子资源 | |
| |
|
| 000 | 01062nas022200349 45 | |
| 001 | 1196050259 | |
| 005 | 20170622084246.76 | |
| 091 | @aCN@b37-1002 | |
| 100 | @a19960611b19861992meky0chiy0121 eb | |
| 101 | 0 | @achi |
| 102 | @aCN@b370000 | |
| 110 | @aafaz 0yy0 | |
| 200 | 1 | @a三不月刊@ASAN BU YUE KAN |
| 207 | 0 | @a1986,no.1(1986,)~1992,no.12(1992,12)=[总1]~72 |
| 210 | @a济南@c出版者不详@d1986~92 | |
| 215 | @a72no.@d26cm | |
| 300 | @a内部发行 | |
| 326 | @a月刊 | |
| 327 | 0 | @a经济体制改革深化研究@a政治体制改革探讨@a山东经济和社会发展研究 |
| 345 | @a编辑部地址:山东省济南市纬一路474号(邮码250001) | |
| 440 | 1 | @12001 @a市场纵横 |
| 540 | 1 | @a三不 月刊@ASAN BU YUE KAN |
| 541 | 1 | @aThree rejection monthly@zeng |
| 610 | 0 | @a山东@a政治@a经济 |
| 676 | @a320.951@v19 | |
| 676 | @a330.951@v19 | |
| 690 | @aF127.52@v3 | |
| 690 | @aD675.2@v3 | |
| 701 | 0 | @a孟庆云@AMENG QING YUN@4主编 |
| 711 | 02 | @a中共山东省委宣传部@AZHONG GONG SHAN DONG SHENG WEI XUAN CHUAN BU@4主办 |
| 801 | 0 | @aCN@bPFT@c19930617 |
| 905 | @a1@cQ@dF127.52@e038 | |
| 三不月刊.-1986,no.1(1986,)~1992,no.12(1992,12)=[总1]~72.-济南:出版者不详,1986~92 |
| 72no.;26cm |
| 内部发行.-编辑部地址:山东省济南市纬一路474号(邮码250001)!T订购地址:*.-由:继承 |
| 部分内容:经济体制改革深化研究;政治体制改革探讨;山东经济和社会发展研究 |
| ● |
| 相关链接: |
|
|
|
|